=LDR 00000nam 2200000 4500 =001 INLIS000000000029989 =005 20130612132156 =008 ***********************************Ind** =035 ##$$0010-061300000029989 =041 ##$$a Ind =082 ##$$a 635.977 2 =090 ##$$a 635.977 2; Sig b =100 ##$$a Sigit, Sugito =245 ##$$a Bonsai, cara membuat dan merawat pohon mini, Sugito Sigit =260 ##$$a 1986 $b Jakarta =300 ##$$a xi, 57 hlm, ilus, 22 cm =650 ##$$a Bonsai =850 ##$$a NBPNMAT